00883nam a22002417a 4500999001900000005001700019010001500036020003000051035001400081037001300095082001200108100002300120245009900143260002300242270010800265300002300373500003700396700002100433700002200454700001700476942002600493952012200519 c167531d16753120220215161029.0 aENG-126447 c369.00a978-93-534-3228-7 aEN-109979 bDBAD/PUB a320.954 aAbhay Prasad Singh aConstitutional Government and Democracy in India /cBy Abhay Prasad Singh [and] Krishna Murari aU.PbPearsonc2019 bNoidaa Plot-1 Block-C, Sector-16e201301k08030461060l08030461003mcompanysecretary.india@pearson.com axv376p.c22cm(pbk) aIncludes index and bibliography  aJajware, Kaushal aBhagowati, Partha aSharmilee, G 2ddccENh320.954mABH 001040708NFICaAVbAVd2019-09-06eDBAD/PUBg369.00l0o320.954 ABHpEN-109979r2019-09-06 00:00:00t1v369.00yEN